000 01053nam a22003257a 4500
003 CHAP
005 20220329134405.0
008 971013s1961 r 00010 d
010 _a19827
011 _a20799
035 _a24888
040 _cCHAP
090 _aTesis
100 0 0 _aAndrade Arias, Enrique.
_95637
245 _aEvaluación sobre las técnicas de polinización de chile Capsicum sp.
260 _as.l.,
_c1961
300 _a85 h.
_b: ilus
502 _aTesis (Ing. Agr. Esp. en Fitotecnia) -- ENA. Departamento de Fitotecnia
590 _aALEPH
_b10
_c20130110
_lUCH01
_h1243
590 _aBATCH-UPD
_b10
_c20130110
_lUCH01
_h0330
590 _aBATCH-UPD
_b10
_c20130110
_lUCH01
_h2303
590 _aBATCH-UPD
_b10
_c20130410
_lUCH01
_h0003
590 _aBATCH-UPD
_b10
_c20130914
_lUCH01
_h0923
590 _aCONVERSION
_b10
_c20130109
_lUCH01
_h1312
650 1 4 _aChile (Botánica)
_xPolinización.
_922382
901 _aBK
942 _cFOLL
949 _bBC
_cTES
_d-57451
_eTS1
_i24888
_si
949 _bBC
_cTES
_d-57452
_eTS2
_fc.2
_i24888
_si
999 _c19827
_d19827